| 000 | 00694nam a2200229Ia 4500 | ||
|---|---|---|---|
| 003 | GCL | ||
| 008 | 140319s9999 xx 000 0 ara d | ||
| 040 |
_aGCL / _cGCL |
||
| 082 | 0 | 4 |
_a323.11 _bم ا |
| 100 | 1 | _aمحمد السماك | |
| 245 | 1 | 0 |
_aالاقليات بين العروبة والاسلام / _cمحمد السماك |
| 260 |
_a[S.N] : _bدار العلم للملايين ، _c1990 |
||
| 300 | _a192 ص | ||
| 490 | _a | ||
| 650 | 0 | 4 | _aالعالم العربى |
| 650 | 0 | 4 | _aالاسلام |
| 650 | 0 | 4 | _aالاقليات |
| 650 | 0 | 4 | _aالمسيحيون |
| 650 | 0 | 4 | _aالاكراد فى العراق |
| 650 | 0 | 4 | _aالمسيحيون فى لبنان |
| 942 |
_2ddc _cBK |
||
| 999 |
_c35814 _d35814 |
||